New developments in survey sampling : a Symposium on the Foundations of Survey Sampling, held at the University of North Carolina, Chapel Hill, North Carolina /
Guardado en:
| Autores Corporativos: | , , |
|---|---|
| Otros Autores: | , |
| Formato: | Libro |
| Idioma: | English |
| Publicado: |
New York :
Wiley-Interscience,
c1969.
|
| Materias: | |
| Etiquetas: |
Agregar Etiqueta
Sin Etiquetas, Sea el primero en etiquetar este registro!
|
| LEADER | 01222cam a2200253 a 4500 | ||
|---|---|---|---|
| 001 | MAT.inmabb004645 | ||
| 008 | 691112s1969####nyu######b####100#0#eng## | ||
| 005 | 20160601174233.0 | ||
| 245 | 1 | 0 | |a New developments in survey sampling : |b a Symposium on the Foundations of Survey Sampling, held at the University of North Carolina, Chapel Hill, North Carolina / |c Norman L. Johnson, editor, Harry Smith, Jr., editor. |
| 260 | |a New York : |b Wiley-Interscience, |c c1969. | ||
| 300 | |a xvi, 732 p. ; |c 24 cm. | ||
| 500 | |a Sponsored by the Departments of Biostatistics and Statistics, University of North Carolina, Chapel Hill. | ||
| 504 | |a Incluye referencias bibliográficas. | ||
| 020 | |a 0471444871 | ||
| 111 | 2 | |a Symposium on the Foundations of Survey Sampling |n (1º : |d 1968 : |c University of North Carolina) | |
| 700 | 1 | |a Smith, Harry, |d 1923- |4 edt | |
| 700 | 1 | |a Johnson, Norman Lloyd. |4 edt | |
| 710 | 2 | |a University of North Carolina at Chapel Hill. |b Dept. of Biostatistics. | |
| 710 | 2 | |a University of North Carolina at Chapel Hill. |b Dept. of Statistics. | |
| 650 | 0 | |a Sampling (Statistics) | |
| 084 | |a 62D05 (68-06) |2 msc2000 | ||
| 010 | |a 78087080 | ||
| 040 | |a DLC |c DLC |d DLC | ||
| 859 | |h 62 |i Sy989-1968 |p A-4227 |b BIB. MATEMATICA | ||
